Вып. 15 : Изучение специальных золопортландцементов и бетонов на их основе; Изучение золы сланца-кукерсита

ग्रंथसूची विवरण
Parent link:Изучение золы сланца-кукерсита: [сборник статей]/ Таллинский политехнический институт (ТПИ). Вып. 15 : Изучение специальных золопортландцементов и бетонов на их основе.— , 1959-1986
अन्य लेखक: Кикас В. Х. (редактор)
भाषा:रूसी
प्रकाशित: 1986
श्रृंखला:Труды Таллинского политехнического института № 618
विषय:
स्वरूप: MixedMaterials पुस्तक
KOHA link:https://koha.lib.tpu.ru/cgi-bin/koha/opac-detail.pl?biblionumber=268794

MARC

LEADER 00000nam2a2200000 4500
001 268794
005 20231101234211.0
035 |a (RuTPU)RU\TPU\book\291950 
090 |a 268794 
100 |a 20140909d1986 k y0rusy50 ca 
101 0 |a rus 
102 |a EE 
105 |a a z 001zy 
200 0 |a Вып. 15 : Изучение специальных золопортландцементов и бетонов на их основе  |f под ред. В. Х. Кикаса 
210 |d 1986 
215 |a 75 с.  |c ил. 
225 1 |a Труды Таллинского политехнического института  |v № 618 
320 |a Библиография в конце статей 
461 1 |0 (RuTPU)RU\TPU\book\291646  |t Изучение золы сланца-кукерсита  |o [сборник статей]  |f Таллинский политехнический институт (ТПИ)  |v Вып. 15 : Изучение специальных золопортландцементов и бетонов на их основе  |d 1959-1986 
606 1 |a Зола сланцевая  |x Применение в строительстве  |2 stltpush  |3 (RuTPU)RU\TPU\subj\11845  |9 38736 
606 1 |a Золобетон  |2 stltpush  |3 (RuTPU)RU\TPU\subj\35677  |9 57318 
610 1 |a цементная промышленность 
610 1 |a золы 
610 1 |a шлаки 
610 1 |a использование 
610 1 |a минеральные добавки 
610 1 |a щелочные сульфаты 
610 1 |a цементный клинкер 
610 1 |a портландцемент 
610 1 |a бетоны 
610 1 |a твердение 
675 |a 691.33  |v 4 
675 |a 666.973.2  |v 4 
702 1 |a Кикас  |b В. Х.  |4 340 
801 1 |a RU  |b 63413507  |c 20140909 
801 2 |a RU  |b 63413507  |c 20170221  |g RCR 
942 |c BK